书目信息 |
| 题名: |
商法典型案例
|
|
| 作者: | 张丽娟 编著 | |
| 分册: | ||
| 出版信息: | 北京 中国人民大学出版社 2004 |
|
| 页数: | 380页 | |
| 开本: | 23cm | |
| 丛书名: | ||
| 单 册: | ||
| 中图分类: | D923.995 | |
| 科图分类: | ||
| 主题词: | 商法--案例--分析--中国--高等学校--教材 , 商法 | |
| 电子资源: | ||
| ISBN: | 7-300-05380-7 | |
| 000 | 01002nam0 2200265 450 | |
| 000 | 01015nam0 2200265 450 | |
| 000 | 00944nam0 2200241 450 | |
| 000 | 00908oam2 2200229 45 | |
| 005 | 20070724091918.00 | |
| 010 | @a7-300-05380-7@dCNY25.00 | |
| 100 | @a20070627d2004 em y0chiy0120 ea | |
| 101 | 0 | @achi |
| 102 | @aCN@b110000 | |
| 105 | @ay z 000yy | |
| 200 | 1 | @a商法典型案例@AShang Fa Dian Xing An Li@f张丽娟编著@FZhang Li Juan Bian Zhu |
| 210 | @a北京@c中国人民大学出版社@d2004 | |
| 215 | @a380页@d23cm | |
| 300 | @a21世纪经济管理类法律应用简明教材民商法系列 | |
| 330 | @a本书共分五编:公司法编、保险法编、海商法编、票据法编及证卷法编;各编概述部分简要介绍该部门法的基本内容,法律应用部分包括案情简介、法律问题、法律依据、法理和法律分析、存在问题以及参考案例六大部分。 | |
| 606 | 0 | @a商法@x案例@x分析@y中国@x高等学校@j教材 |
| 606 | 0 | @a商法 |
| 690 | @aD923.995@v4 | |
| 701 | 0 | @a张丽娟@AZhang Li Juan@c(法律)@4编著 |
| 801 | 0 | @aCN@bTAOJIN@c20070724 |
| 905 | @a10447@dD923.995@e729 | |
| 商法典型案例/张丽娟编著.-北京:中国人民大学出版社,2004 |
| 380页;23cm |
| 21世纪经济管理类法律应用简明教材民商法系列 |
| ISBN 7-300-05380-7:CNY25.00 |
| 本书共分五编:公司法编、保险法编、海商法编、票据法编及证卷法编;各编概述部分简要介绍该部门法的基本内容,法律应用部分包括案情简介、法律问题、法律依据、法理和法律分析、存在问题以及参考案例六大部分。 |
| ● |
| 相关链接 |
|
|
|
|
正题名:商法典型案例
索取号:D923.995/729
 
预约/预借
| 序号 | 登录号 | 条形码 | 馆藏地/架位号 | 状态 | 备注 |
| 1 | 0824076 | 208240768 | 第一样本阅览室/ [索取号:D923.995/729] | 在馆 | |
| 2 | 0824077 | 208240777 | 第一借阅区/ [索取号:D923.995/729] | 在馆 | |
| 3 | 0824078 | 208240786 | 第一借阅区/ [索取号:D923.995/729] | 在馆 | |
| 4 | 0824079 | 208240795 | 第一借阅区/ [索取号:D923.995/729] | 在馆 | |
| 5 | 0824080 | 208240802 | 密集书库/ [索取号:D923.995/729] | 在馆 | |
| 6 | 0824081 | 208240811 | 密集书库/ [索取号:D923.995/729] | 在馆 | |
| 7 | 0824082 | 208240820 | 第一借阅区/ [索取号:D923.995/729] | 在馆 | |
| 8 | 0824083 | 208240839 | 第一借阅区/ [索取号:D923.995/729] | 在馆 |